000 00964cam a2200241 4500
001 WB3601-33
008 000000n1999 000 0 eng u
035 _a(Sirsi) u103291
245 _aNew procedures for development plans
260 _c1999
490 _aDETR Press Release
_v(1206) 14 December 1999 (2)
520 _aThe government has announced new measures to improve the delivery of development plans in England. The plans are outlined in Town and Country Planning (Development Plan) (England) Regulations 1999, a revised version of PPG12 and codes of practice on structure and local plans.
590 _aWB
650 _aDEVELOPMENT PLANS
650 _aLOCAL DEVELOPMENT PLANS
650 _aSTRUCTURE PLANS
650 _aUNITARY DEVELOPMENT PLANS
650 _aTOWN AND COUNTRY PLANNING (DEVELOPMENT PLAN) (ENGLAND) REGULATIONS 1999
650 _aPPG12
650 _aGUIDANCE NOTES
690 _aPLANNING LAW AND PRACTICE
942 _n0
999 _c62072
_d62072